000 00302nam a2200109Ia 4500
008 171211s9999 xx 000 0 und d
245 4 _aThe Ultimate Omega-3 Diet
245 _cEvelyn Tribole
260 _c2007
650 _xHEALTH
856 _uhttp://down.ebook777.com/014/The-Ultimate-Omega-3-Diet.pdf
999 _c348409
_d348409